000 00366nam a22001217a 4500
003 SGT
082 _a891.4309
_bM20R
100 _aराय, सरयू
245 _aमेनहर्ट नियुक्ति घोटाला : लम्हो की खता
260 _bनेचर फाउंडेशन
_c2020
300 _a168
942 _2ddc
_cBK
999 _c30279
_d30279